Monkeys - Statistics

General Stats
  • This quiz has been taken 64 times
  • The average score is 8 of 23
Answer Stats
Picture Hint Answer % Correct
Baboon
95%
Howler
72%
Mandril
70%
Spider
60%
Capuchin
58%
Marmoset
49%
Proboscis
44%
Squirrel
40%
Gelada
35%
Tamarin
33%
Drill
30%
Langur
28%
Saki
26%
Snub-Nosed
26%
Uakari
26%
Woolly
23%
Night Monkey
16%
Titi
14%
Colobus
12%
Mangabey
7%
Patas
7%
Guenon
5%
Maque
0%
No matching quizzes found
Score Distribution
Percent of People with Each Score
Percentile by Number Answered
Your Score History
You have not taken this quiz